[Event "UT Dallas Fall Open 2017"]
[Site "Dallas USA"]
[Date "2017.11.21"]
[Round "7.5"]
[White "Gareyev, Timur"]
[Black "Javakhadze, Zurab"]
[Result "0-1"]
[WhiteTitle "GM"]
[BlackTitle "IM"]
[WhiteElo "2615"]
[BlackElo "2452"]
[WhiteFideId "14200937"]
[BlackFideId "13603647"]
[EventDate "2017.11.17"]

1. d4 d5 2. c4 e6 3. Nc3 Nf6 4. Bg5 Be7 5. e3 Nbd7 6. Nf3 h6 7. Bh4 Ne4 8. Bxe7
Qxe7 9. Nxe4 dxe4 10. Nd2 f5 11. Qh5+ Qf7 12. Be2 Qxh5 13. Bxh5+ Ke7 14. O-O-O
b6 15. f4 g5 16. Rdf1 c5 17. Be2 cxd4 18. exd4 Nf6 19. Rhg1 Rd8 20. Nb3 Ba6 21.
Kd2 Rac8 22. g4 gxf4 23. Rxf4 Bxc4 24. Bxc4 Rxc4 25. gxf5 e5 26. Rh4 h5 27. Rg7+
Kf8 28. Rg6 Kf7 29. Ke3 exd4+ 30. Kf4 e3 31. Kg5 Rd6 32. Nxd4 Nh7+ 33. Kh6 Rcxd4
34. Kxh7 Rxh4 35. Rxd6 Re4 36. Rd1 e2 37. Re1 Kf6 38. Kh6 Ke5 0-1

[Event "UT Dallas Fall Open 2017"]
[Site "Dallas USA"]
[Date "2017.11.21"]
[Round "7.6"]
[White "Sheng, Joshua"]
[Black "Patel, Advait"]
[Result "0-1"]
[WhiteTitle "IM"]
[BlackTitle "IM"]
[WhiteElo "2373"]
[BlackElo "2449"]
[WhiteFideId "2057360"]
[BlackFideId "2075105"]
[EventDate "2017.11.17"]

1. d4 d6 2. Nf3 g6 3. c4 Bg7 4. Nc3 e5 5. dxe5 dxe5 6. Qxd8+ Kxd8 7. Bg5+ f6 8.
Rd1+ Ke8 9. Bc1 Be6 10. e3 Nh6 11. Be2 Nf7 12. O-O Nd7 13. a3 Bf8 14. e4 c6 15.
b4 a5 16. c5 Be7 17. Nd2 b5 18. g3 h5 19. f4 Bh3 20. Rf2 Nh6 21. f5 Ng4 22. Bxg4
Bxg4 23. Re1 g5 24. Nf1 h4 25. Ne3 Bh5 26. gxh4 gxh4 27. h3 Nb8 28. Rb2 Na6 29.
Ncd1 Rg8+ 30. Kh2 Bf3 31. Nf2 axb4 32. axb4 Nxb4 33. Rxb4 Bxc5 34. Rb3 Ra2 35.
Rf1 Bxe3 36. Rxe3 Rg2+ 37. Kh1 Rgxf2+ 0-1

[Event "UT Dallas Fall Open 2017"]
[Site "Dallas USA"]
[Date "2017.11.21"]
[Round "7.8"]
[White "Matsenko, Sergei"]
[Black "Ider, Borya"]
[Result "1/2-1/2"]
[WhiteTitle "IM"]
[BlackTitle "IM"]
[WhiteElo "2550"]
[BlackElo "2515"]
[WhiteFideId "4170083"]
[BlackFideId "4901134"]
[EventDate "2017.11.17"]

1. Nf3 d5 2. g3 Nf6 3. Bg2 b5 4. O-O e6 5. d3 Be7 6. Nbd2 Bb7 7. a4 b4 8. e4 c5
9. exd5 Nxd5 10. Nc4 Nc6 11. Re1 O-O 12. h4 Qc7 13. Bg5 Rad8 14. Qe2 1/2-1/2

[Event "UT Dallas Fall Open 2017"]
[Site "Dallas USA"]
[Date "2017.11.21"]
[Round "7.9"]
[White "Prasanna, Raghuram Rao"]
[Black "Kadric, Denis"]
[Result "1/2-1/2"]
[WhiteTitle "IM"]
[BlackTitle "GM"]
[WhiteElo "2459"]
[BlackElo "2505"]
[WhiteFideId "5022401"]
[BlackFideId "14403803"]
[EventDate "2017.11.17"]

1. e4 g6 2. d4 Bg7 3. Nc3 d6 4. Bg5 a6 5. f4 b5 6. Nf3 Bb7 7. Bd3 b4 8. Ne2 Nf6
9. Ng3 O-O 10. f5 c5 11. Qd2 cxd4 12. Bh6 Nbd7 13. Bxg7 Kxg7 14. h4 Ne5 15. fxg6
hxg6 16. h5 Rh8 17. Nxe5 dxe5 18. O-O-O Qc7 19. Rdf1 Rag8 20. hxg6 fxg6 21. b3
Qd6 22. Qg5 Bc8 23. Bc4 Rxh1 24. Rxh1 Rh8 25. Rxh8 Kxh8 26. Qxg6 d3 27. Qh6+ Nh7
28. Qxd6 exd6 29. cxd3 Kg7 30. Nf1 Nf6 31. Ne3 a5 32. Bd5 Ba6 33. Kd2 Kg6 34.
Be6 Kg5 35. Nf5 d5 36. exd5 Nxd5 37. Bxd5 Kxf5 38. Ke3 Bb5 39. Be4+ Kf6 40. Bd5
Bd7 41. g3 a4 42. bxa4 Bxa4 43. d4 Bc2 44. Bb3 exd4+ 45. Kxd4 Bb1 1/2-1/2

[Event "UT Dallas Fall Open 2017"]
[Site "Dallas USA"]
[Date "2017.11.21"]
[Round "7.10"]
[White "Shtembuliak, Evgeny"]
[Black "Raznikov, Danny"]
[Result "1/2-1/2"]
[WhiteTitle "IM"]
[BlackTitle "GM"]
[WhiteElo "2490"]
[BlackElo "2488"]
[WhiteFideId "14113325"]
[BlackFideId "2811154"]
[EventDate "2017.11.17"]

1. d4 Nf6 2. c4 e6 3. Nc3 Bb4 4. Bd2 O-O 5. Nf3 b6 6. e3 Bb7 7. Bd3 d6 8. Qc2
Nbd7 9. a3 Bxc3 10. Bxc3 Re8 11. e4 e5 12. dxe5 Nxe5 13. Nxe5 dxe5 14. O-O Nd7
15. b4 c5 16. b5 Qc7 17. a4 a5 18. Qb2 f6 19. Rae1 Re7 20. Bd2 Rae8 21. Qb1 Kh8
22. Be2 Nf8 23. f3 Ne6 24. Rf2 Nd4 25. Bf1 Bc8 26. Be3 Be6 27. Qc1 Bf7 28. Qc3
Qd7 29. Qc1 Kg8 30. Bxd4 exd4 31. Bd3 f5 32. Qf4 fxe4 33. fxe4 Bg6 34. Qh4 Rf7
35. Rxf7 Qxf7 36. Rf1 Qe7 37. Qg3 Qe5 38. Rf4 Re6 39. Kf2 Bh5 40. Rf5 Qxg3+ 41.
Kxg3 Bd1 42. Rd5 Kf7 43. Rd8 Bxa4 44. Kf4 Re8 45. Rd6 Re6 46. Rd8 Re8 47. Rd6
Re6 1/2-1/2

[Event "UT Dallas Fall Open 2017"]
[Site "Dallas USA"]
[Date "2017.11.21"]
[Round "7.11"]
[White "Perelshteyn, Eugene"]
[Black "Arribas Lopez, Angel"]
[Result "0-1"]
[WhiteTitle "GM"]
[BlackTitle "GM"]
[WhiteElo "2523"]
[BlackElo "2471"]
[WhiteFideId "2012529"]
[BlackFideId "2283352"]
[EventDate "2017.11.17"]

1. e4 c5 2. Nf3 d6 3. d4 cxd4 4. Qxd4 a6 5. c4 Nc6 6. Qe3 Qa5+ 7. Nc3 g6 8. Be2
Bg4 9. O-O Bh6 10. Qd3 Bxc1 11. Rfxc1 Bxf3 12. Qxf3 e6 13. b4 Qe5 14. Qe3 Qd4
15. b5 Qxe3 16. fxe3 Ne5 17. c5 dxc5 18. Na4 Nf6 19. Rxc5 Nfd7 20. Rc7 axb5 21.
Bxb5 O-O 22. Rxb7 Rfb8 23. Rxb8+ Rxb8 24. Nc3 Rc8 25. Ne2 Nf6 26. Ng3 h5 27. h4
Rc3 28. a4 Rxe3 29. a5 Rxg3 30. a6 Nfd7 31. a7 Nb6 32. Ra6 Na8 33. Bc6 Nc7 34.
Bb7 Rb3 35. a8=Q+ Nxa8 36. Bxa8 Kg7 37. Ra1 Kf6 38. Rf1+ Ke7 39. Ra1 Kd6 40.
Rd1+ Kc7 41. Rc1+ Kb8 42. Bc6 Nxc6 43. Rxc6 Rb4 44. g3 Rxe4 45. Kg2 Re3 46. Rc1
Rd3 47. Rc2 Rd7 48. Kf3 Rc7 49. Ra2 Kc8 50. Kf4 Kd7 51. Kg5 Rc5+ 52. Kf4 Ke7 53.
Ra7+ Kf6 54. Kf3 Rc3+ 55. Kf2 e5 56. Rb7 Ra3 57. Rc7 Ke6 58. Rb7 f6 59. Rb6+ Kf5
60. Rc6 e4 0-1

[Event "UT Dallas Fall Open 2017"]
[Site "Dallas USA"]
[Date "2017.11.21"]
[Round "7.12"]
[White "Brown, Michael William"]
[Black "Thavandiran, Shiyam"]
[Result "1/2-1/2"]
[WhiteTitle "IM"]
[BlackTitle "FM"]
[WhiteElo "2514"]
[BlackElo "2389"]
[WhiteFideId "2037602"]
[BlackFideId "2605058"]
[EventDate "2017.11.17"]

1. d4 Nf6 2. c4 e6 3. Nc3 Bb4 4. Qc2 d5 5. a3 Bxc3+ 6. Qxc3 dxc4 7. Qxc4 b6 8.
Nf3 Ba6 9. Qa4+ Qd7 10. Qc2 h6 11. Bf4 O-O 12. Be5 Qe7 13. Rc1 Rc8 14. e3 Bxf1
15. Kxf1 c5 16. Bxf6 Qxf6 17. Ke2 Nd7 1/2-1/2

[Event "UT Dallas Fall Open 2017"]
[Site "Dallas USA"]
[Date "2017.11.21"]
[Round "7.14"]
[White "Stremavicius, Titas"]
[Black "Hernandez Carmenate, Holden"]
[Result "1-0"]
[WhiteTitle "IM"]
[BlackTitle "GM"]
[WhiteElo "2422"]
[BlackElo "2462"]
[WhiteFideId "12804444"]
[BlackFideId "3504387"]
[EventDate "2017.11.17"]

1. c4 Nf6 2. Nc3 e5 3. Nf3 Nc6 4. e4 Bc5 5. Nxe5 Nxe5 6. d4 Bb4 7. dxe5 Nxe4 8.
Qd4 Nxc3 9. bxc3 Be7 10. Qg4 Kf8 11. Qg3 d6 12. Bf4 dxe5 13. Bxe5 Bf6 14. Bxf6
Qxf6 15. Be2 g6 16. O-O c6 17. Rfe1 Kg7 18. Bf1 Bf5 19. Qc7 Rhc8 20. Qxb7 Rcb8
21. Qe7 Qxe7 22. Rxe7 Rb2 23. c5 Be6 24. a4 a5 25. Rc7 Rab8 26. f3 R8b3 27. Rc1
Bd5 28. c4 Be6 29. Rxc6 Rb4 30. Rb6 Ra2 31. Rxb4 axb4 32. Rb1 Rxa4 33. Kf2 Kf6
34. Ke3 Bf5 35. Rb2 h5 36. Kd4 Ke6 37. Be2 Kd7 38. f4 f6 39. h4 Kc7 40. Bf3 Kd7
41. Bd5 Kc7 42. Re2 Ra1 43. Re7+ Kc8 44. c6 b3 45. Rb7 Ra3 46. Kc5 Kd8 47. Kd6
Kc8 48. Rf7 1-0

[Event "UT Dallas Fall Open 2017"]
[Site "Dallas USA"]
[Date "2017.11.21"]
[Round "7.15"]
[White "Vazquez, Guillermo"]
[Black "Wheeler, Cameron"]
[Result "1/2-1/2"]
[WhiteTitle "IM"]
[BlackTitle "IM"]
[WhiteElo "2427"]
[BlackElo "2391"]
[WhiteFideId "3702308"]
[BlackFideId "2060531"]
[EventDate "2017.11.17"]

1. d4 d5 2. c4 c6 3. Nf3 Nf6 4. e3 g6 5. Nc3 Bg7 6. Bd3 O-O 7. O-O Nbd7 8. cxd5
cxd5 9. Qb3 Nb8 10. Ne5 b6 11. a4 a6 12. Bd2 Bb7 13. Rfc1 Nc6 14. Nxc6 Bxc6 15.
Rc2 e5 16. h3 exd4 17. exd4 Re8 18. Rac1 Re6 19. Bf4 Nh5 20. Be3 Qd7 21. Be2
Rae8 22. Bxa6 Rxe3 23. fxe3 Bh6 24. Nd1 Bxa4 25. Bc8 Qa7 26. Qa3 Qa5 27. Rc3
Bxd1 28. Qxa5 bxa5 29. Rxd1 Bxe3+ 30. Kh2 Bf4+ 31. Kg1 Be3+ 32. Kh2 1/2-1/2

[Event "UT Dallas Fall Open 2017"]
[Site "Dallas USA"]
[Date "2017.11.21"]
[Round "7.16"]
[White "Kavutskiy, Konstantin"]
[Black "Rahul, Srivatshav P"]
[Result "1/2-1/2"]
[WhiteTitle "IM"]
[WhiteElo "2396"]
[BlackElo "2375"]
[WhiteFideId "2026384"]
[BlackFideId "25059653"]
[EventDate "2017.11.17"]

1. d4 Nf6 2. c4 g6 3. g3 Bg7 4. Bg2 O-O 5. Nc3 d6 6. Nf3 Nc6 7. O-O a6 8. Bf4
Rb8 9. Rc1 Bd7 10. a3 Re8 11. d5 Na7 12. b4 e5 13. Be3 Nc8 14. c5 Ne7 15. Bg5 h6
16. Bxf6 Bxf6 17. cxd6 cxd6 18. Ne4 Nc8 19. Nxf6+ Qxf6 20. Rc7 Nb6 21. Nd2 Rec8
22. Rxc8+ Rxc8 23. f4 Qe7 24. e3 exf4 25. exf4 f5 26. Nf3 Qe3+ 27. Kh1 Ba4 28.
Qe1 Qxe1 29. Rxe1 Bd7 30. h4 Re8 31. Rxe8+ Bxe8 32. h5 Nc4 33. hxg6 Bxg6 34. Nh4
Kg7 35. a4 Ne3 36. Kg1 Kf6 37. Kf2 Nc2 38. b5 Be8 39. Bf1 axb5 40. axb5 Nb4 41.
Bc4 Bf7 42. Ke3 Bxd5 43. Kd4 Be4 44. Bb3 b6 45. g4 Nd3 46. gxf5 Nc5 47. Bc4 Bxf5
48. Nxf5 Kxf5 49. Kd5 h5 50. Kc6 1/2-1/2

[Event "UT Dallas Fall Open 2017"]
[Site "Dallas USA"]
[Date "2017.11.21"]
[Round "7.17"]
[White "Sarkar, Justin"]
[Black "Danelia, Mariam"]
[Result "1-0"]
[WhiteTitle "IM"]
[BlackTitle "WIM"]
[WhiteElo "2354"]
[BlackElo "2153"]
[WhiteFideId "2010011"]
[BlackFideId "13603671"]
[EventDate "2017.11.17"]

1. d4 Nf6 2. c4 g6 3. f3 d5 4. cxd5 Nxd5 5. e4 Nb6 6. Nc3 Bg7 7. Be3 Nc6 8. Bb5
O-O 9. Nge2 Na5 10. b3 a6 11. Bd3 e5 12. d5 c6 13. d6 Be6 14. Qd2 Nd7 15. h4 b5
16. h5 Nb7 17. Bc2 Re8 18. Rd1 a5 19. g4 Ra6 20. Ng3 b4 21. Na4 c5 22. hxg6 fxg6
23. Qh2 Nf8 24. Nxc5 Nxc5 25. Bxc5 Qd7 26. Bd3 Raa8 27. O-O Rec8 28. Qf2 Bh6 29.
Kg2 Qc6 30. Bb6 a4 31. Rh1 Bf4 32. Ne2 Bg5 33. Bc7 axb3 34. axb3 Bxb3 35. Rb1
Bc2 36. Nd4 exd4 37. Bxc2 Qc5 38. f4 Bf6 39. Bb3+ Kh8 40. Rhc1 Qb5 41. e5 Bg7
42. Qxd4 Qd7 43. Kg3 h5 44. f5 h4+ 45. Kxh4 gxf5 46. Kg3 Nh7 47. Qd5 f4+ 48. Kf2
Qxg4 49. Rg1 Qh4+ 50. Ke2 Qh5+ 51. Kd3 Qxe5 52. Qxe5 Bxe5 53. Ke4 Bf6 54. Kf5
Bc3 55. Bd5 Rf8+ 56. Ke6 Rae8+ 57. Kd7 Nf6+ 58. Kc6 Nxd5 59. Rh1+ Kg8 60. Rhg1+
Kh8 61. Kxd5 Rf5+ 62. Kc6 Bf6 63. Rg4 Rh5 64. Rxf4 Bd8 65. Rfxb4 Bf6 66. Rg4 Re2
67. d7 Rc2+ 68. Kb7 Kh7 69. Rf1 Rb5+ 70. Kc8 Be5 71. Rh1+ 1-0

[Event "UT Dallas Fall Open 2017"]
[Site "Dallas USA"]
[Date "2017.11.21"]
[Round "7.18"]
[White "Ghatti, Sanjay"]
[Black "Drozdowski, Kacper"]
[Result "1/2-1/2"]
[WhiteTitle "FM"]
[BlackTitle "IM"]
[WhiteElo "2178"]
[BlackElo "2467"]
[WhiteFideId "2076438"]
[BlackFideId "1136720"]
[EventDate "2017.11.17"]

1. e4 e5 2. Nf3 Nf6 3. Nxe5 d6 4. Nf3 Nxe4 5. Nc3 Nxc3 6. dxc3 Be7 7. Bd3 O-O 8.
Bf4 Nd7 9. O-O Nc5 10. Re1 Bf6 11. Qd2 Nxd3 12. Qxd3 Bg4 13. h3 Bh5 14. Qd5 Bg6
15. Re2 Rb8 16. Rae1 h6 17. Nh2 h5 18. Nf3 Qd7 19. Bg5 Bxg5 20. Qxg5 Qa4 21. Nh4
Qxa2 22. Nxg6 fxg6 23. Re7 Qxb2 24. Qd5+ Kh8 25. Qd4 Rg8 26. Qd3 Rbf8 27. Qxg6
Rf6 28. Qxh5+ Rh6 29. Qd5 c6 30. Qf7 Rf6 31. Qh5+ Rh6 32. Qf5 Rf6 33. R7e4 Rh6
34. Re6 Rxe6 35. Rxe6 Qb5 36. Qg6 Qd5 37. Rxd6 Qe5 38. Re6 Qd5 39. Re4 Rf8 40.
Re7 Rg8 41. c4 Qa5 42. c3 Qa1+ 43. Kh2 Qc1 44. Re4 Qh6 45. Qg3 g5 46. Re7 Rg7
47. Qb8+ Kh7 48. Re8 Qf6 49. Rh8+ Kg6 50. Qe8+ Rf7 51. Kh1 a5 52. Qe4+ Qf5 53.
Qe2 Kg7 54. Qh5 Rf6 55. Qe8 Qe6 56. Qxe6 Rxe6 57. Ra8 b6 58. c5 b5 59. Rxa5 Re5
60. Kh2 Rxc5 61. Ra3 Rc4 62. Kg3 Kf6 63. Kf3 Ra4 64. Rb3 Ke5 65. Ke3 Ra2 66. Rb4
Rc2 67. Re4+ Kd5 68. Rg4 Rxc3+ 69. Kd2 Ra3 70. Rxg5+ Kd4 71. Rg4+ Kd5 72. f3 c5
73. h4 b4 74. h5 Ra2+ 75. Kc1 Ra1+ 76. Kb2 Rh1 77. Rg8 Rxh5 78. Kb3 Rh1 79. Rd8+
Ke5 80. Rc8 Rc1 81. Kb2 Rc3 82. g4 Kd4 83. Rf8 Re3 84. g5 Re2+ 85. Kb3 Rg2 86.
Rd8+ Ke5 87. Rc8 Rxg5 88. Rxc5+ Kf4 89. Rxg5 Kxg5 90. Kxb4 Kf4 1/2-1/2

[Event "UT Dallas Fall Open 2017"]
[Site "Dallas USA"]
[Date "2017.11.21"]
[Round "7.19"]
[White "Kung, Thomas"]
[Black "Kambrath, Yannick"]
[Result "1/2-1/2"]
[BlackTitle "FM"]
[WhiteElo "2150"]
[BlackElo "2332"]
[WhiteFideId "30914272"]
[BlackFideId "20632525"]
[EventDate "2017.11.17"]

1. e4 c5 2. Nf3 e6 3. d4 cxd4 4. Nxd4 Nc6 5. Nc3 a6 6. Be3 Nf6 7. Qf3 Bb4 8.
Nxc6 bxc6 9. Bd3 Qa5 10. O-O O-O 11. Qg3 e5 12. Bd2 Re8 13. a3 Be7 14. b4 Qc7
15. Bc4 d6 16. Rab1 Bb7 17. a4 d5 18. Bd3 d4 19. Ne2 c5 20. bxc5 Bxc5 21. Qf3
Bc6 22. a5 Reb8 23. Ng3 Bf8 24. Nf5 Rxb1 25. Rxb1 Rb8 26. Rxb8 Qxb8 27. h4 Qb7
28. Nh6+ gxh6 29. Qxf6 Bxe4 30. Bxh6 Bxh6 31. Qxh6 Bxd3 32. cxd3 Qb1+ 33. Kh2
Qxd3 34. Qg5+ Qg6 35. Qxe5 d3 36. h5 Qh6 37. Qe8+ Kg7 38. Qe5+ Qf6 39. Qg3+ Kh6
40. Qxd3 Qe5+ 41. Kg1 Qxa5 42. g4 Qb5 43. Qd2+ Qg5 44. Qd6+ Kg7 45. f3 a5 46.
Kg2 h6 47. Kg3 Qf6 48. Qa3 Qe5+ 49. f4 Qe1+ 50. Kf3 Qd1+ 51. Kg3 a4 52. Qc3+ Kh7
53. Qf6 Qb3+ 54. Kh4 Qe6 55. Qc3 Qe4 56. Kg3 Qb1 57. Qf6 Qe1+ 58. Kg2 Qe2+ 59.
Kg3 Qe6 60. Qd4 Qb3+ 61. Kh4 Qc2 62. g5 Qh2+ 63. Kg4 Qe2+ 64. Kh4 a3 65. g6+
fxg6 66. Qa7+ Kg8 67. hxg6 Qh2+ 68. Kg4 Qg2+ 69. Kf5 Qd5+ 70. Kg4 Qg2+ 71. Kf5
Qd5+ 72. Kg4 Qg2+ 73. Kf5 1/2-1/2

[Event "UT Dallas Fall Open 2017"]
[Site "Dallas USA"]
[Date "2017.11.21"]
[Round "7.20"]
[White "Yim, Sung Ho"]
[Black "Capocyan, Sam"]
[Result "0-1"]
[WhiteElo "2275"]
[BlackElo "2150"]
[WhiteFideId "2062020"]
[BlackFideId "2067480"]
[EventDate "2017.11.17"]

1. e4 c5 2. Nf3 e6 3. d4 cxd4 4. Nxd4 a6 5. c4 Nf6 6. Nc3 Bb4 7. Qf3 Nc6 8. Nxc6
dxc6 9. e5 Nd7 10. Qg3 Qa5 11. f4 O-O 12. Be2 f6 13. exf6 Nxf6 14. O-O Rd8 15.
Kh1 Bd7 16. Bd2 Be8 17. Be1 Qf5 18. Rc1 Bh5 19. Bxh5 Nxh5 20. Qh4 e5 21. Nd5
cxd5 22. Bxb4 Nxf4 23. cxd5 Qe4 24. Qg5 Qxb4 25. Rc7 Ng6 26. Rxg7+ Kxg7 27. Qf6+
Kh6 0-1

[Event "UT Dallas Fall Open 2017"]
[Site "Dallas USA"]
[Date "2017.11.21"]
[Round "7.21"]
[White "Guo, Arthur"]
[Black "Richard, Emma"]
[Result "0-1"]
[WhiteTitle "FM"]
[BlackTitle "WFM"]
[WhiteElo "2219"]
[BlackElo "2080"]
[WhiteFideId "30903114"]
[BlackFideId "657590"]
[EventDate "2017.11.17"]

1. e4 c5 2. Nf3 Nc6 3. Nc3 a6 4. d4 cxd4 5. Nxd4 b5 6. g3 e6 7. Bg2 Bb7 8. O-O
Qc7 9. Be3 d6 10. a4 b4 11. Nce2 Nf6 12. Nxc6 Bxc6 13. Qd3 Qb7 14. f3 e5 15. c4
a5 16. b3 Be7 17. g4 O-O 18. Ng3 Nd7 19. Rad1 Nc5 20. Qc2 Rfd8 21. Rd2 g6 22.
Qb2 Bf8 23. Rfd1 Ne6 24. Rd3 Qc7 25. Ne2 Nc5 26. R3d2 Ne6 27. Qc1 Nc5 28. Rb2
Nxb3 29. Rxb3 Bxa4 30. Rb1 Bxd1 31. Qxd1 Rdb8 32. Bf1 a4 33. Nc1 b3 34. Bd3 Qb7
35. c5 b2 36. c6 bxc1=Q 37. Rxc1 Qc7 38. Bc4 a3 39. Ba2 Be7 40. Qd5 Bf8 41. Rc3
Ra5 42. Qc4 d5 43. exd5 Bd6 44. Rb3 Rxb3 45. Qxb3 Bc5 46. Bxc5 Rxc5 47. d6 Qa7
48. d7 Rxc6+ 49. Kg2 Qxd7 50. Qxa3 Rd6 51. Bc4 Rd2+ 52. Kh3 h5 53. Qa6 hxg4+ 54.
Kg3 Kg7 55. Qa5 Qd4 0-1

[Event "UT Dallas Fall Open 2017"]
[Site "Dallas USA"]
[Date "2017.11.21"]
[Round "7.22"]
[White "Premkumar, Hiren"]
[Black "Tsay, Vincent"]
[Result "1/2-1/2"]
[BlackTitle "FM"]
[WhiteElo "2048"]
[BlackElo "2221"]
[WhiteFideId "2065584"]
[BlackFideId "30931835"]
[EventDate "2017.11.17"]

1. d4 d5 2. c4 e6 3. Nc3 c6 4. e3 Nf6 5. Nf3 a6 6. b3 Bb4 7. Bd2 O-O 8. Bd3 Nbd7
9. O-O Bd6 10. e4 dxc4 11. Bxc4 e5 12. Re1 h6 13. h3 Re8 14. Qc2 b5 15. Bf1 Bb7
16. dxe5 Nxe5 17. Nd4 Ng6 18. Nf5 Be5 19. Rad1 Qc7 20. g3 c5 21. Bg2 Rad8 22. f4
Bd4+ 23. Kh2 h5 24. Nd5 Nxd5 25. exd5 Qb6 26. Nxd4 cxd4 27. Bb4 Rxe1 28. Rxe1 h4
29. Qf5 hxg3+ 30. Kxg3 Bc8 31. Qg5 d3 32. f5 d2 33. Bxd2 Qd6+ 34. Kf2 Ne5 35.
Qg3 f6 36. Bf4 Nd3+ 37. Qxd3 Qxf4+ 38. Qf3 Qxf3+ 39. Bxf3 Bxf5 40. h4 Kf7 41.
Kg3 Re8 42. Rd1 Ke7 43. d6+ Kd7 44. Bb7 Rb8 45. Bf3 Rb6 46. Kf4 Be6 47. Rg1 g5+
48. hxg5 fxg5+ 49. Rxg5 Kxd6 50. Rg6 Kc7 51. Ke5 Bc8 52. Rg7+ Kb8 53. Rg8 Kc7
54. Rg7+ Kb8 55. Kd5 Rf6 56. Bg4 Bxg4 57. Rxg4 Kb7 58. Kc5 Rc6+ 59. Kb4 Kb6 60.
Rg5 a5+ 61. Ka3 Rc2 62. Rg6+ Kc5 63. Rg5+ Kc6 64. Rg6+ Kd7 65. Rg5 b4+ 66. Ka4
Rxa2+ 67. Kb5 Ke6 68. Rg6+ Kd5 69. Ra6 Ra3 70. Rxa5 Rxb3 71. Ra4 Rc3 72. Kxb4
Rc8 73. Kb3 Rb8+ 74. Rb4 Rh8 75. Rb5+ Kd4 76. Rb4+ Kc5 77. Rc4+ Kd5 78. Kc3 Rh3+
79. Kb4 Rh1 80. Rc5+ Kd6 81. Rc4 Rb1+ 82. Kc3 Kd5 83. Rd4+ Ke5 84. Rb4 Rc1+ 85.
Kb3 Kd5 86. Rg4 Rb1+ 87. Kc2 Rh1 88. Kd3 Rh3+ 89. Kd2 Kc5 90. Rf4 Rh2+ 91. Ke3
Ra2 92. Rf5+ Kc4 93. Kf4 Kd4 94. Kg5 Ke4 95. Rf7 Rg2+ 96. Kf6 Kd5 97. Rd7+ Kc6
98. Rg7 Rf2+ 99. Ke7 Re2+ 100. Kf6 Kd6 101. Rg5 Rf2+ 102. Rf5 Rh2 103. Rg5 Rh6+
104. Rg6 Rxg6+ 105. Kxg6 Ke5 1/2-1/2

[Event "UT Dallas Fall Open 2017"]
[Site "Dallas USA"]
[Date "2017.11.21"]
[Round "7.23"]
[White "Polavaram, Rithik"]
[Black "Daggupati, Balaji"]
[Result "0-1"]
[BlackTitle "FM"]
[WhiteElo "1957"]
[BlackElo "2358"]
[WhiteFideId "2081997"]
[BlackFideId "2090759"]
[EventDate "2017.11.17"]

1. d4 d5 2. c4 c6 3. Nc3 Nf6 4. e3 e6 5. Nf3 Nbd7 6. Qc2 Bd6 7. Bd3 O-O 8. O-O
dxc4 9. Bxc4 b5 10. Bd3 Bb7 11. a3 Rc8 12. b4 a5 13. Rb1 axb4 14. axb4 Qe7 15.
e4 e5 16. dxe5 Nxe5 17. Nxe5 Bxe5 18. Ne2 Bd6 19. Ng3 g6 20. Bb2 Ng4 21. Be2 Ne5
22. f4 Nd7 23. Qc3 f6 24. Qb3+ Kg7 25. Bd4 Ra8 26. Bc3 Ra4 27. Ra1 Rxa1 28. Bxa1
Bxb4 29. Kh1 Bd6 30. Bg4 Nc5 31. Qc2 Re8 32. e5 fxe5 33. Re1 Kg8 34. fxe5 Bc7
35. e6 Ra8 36. Bd4 Bd6 37. Bf5 Qh4 38. Bxg6 Qxd4 39. Bf7+ Kh8 40. Nf5 Qe5 41. g3
Qxe1+ 42. Kg2 Qe4+ 43. Qxe4 Nxe4 44. e7 Bxe7 45. Nxe7 c5 46. Nd5 Nf6 47. Kh3
Bxd5 48. Bxd5 Nxd5 49. g4 Ra3+ 50. Kh4 h6 51. Kh5 Kg7 52. g5 Kh7 53. Kg4 hxg5
54. Kxg5 Rf3 55. Kh5 Ne3 56. Kh4 Rf5 57. Kh3 Rg5 58. Kh4 Kh6 59. Kh3 Nf1 60. Kh4
Kg6 61. Kh3 c4 62. Kh4 Ne3 63. Kh3 c3 64. Kh4 c2 65. Kh3 c1=Q 66. Kh4 Qc4+ 67.
Kh3 Qg4# 0-1

[Event "UT Dallas Fall Open 2017"]
[Site "Dallas USA"]
[Date "2017.11.21"]
[Round "7.24"]
[White "Eliezer, Segev"]
[Black "Williams, Quaitemes"]
[Result "1/2-1/2"]
[WhiteElo "1814"]
[BlackElo "2033"]
[WhiteFideId "2074087"]
[BlackFideId "2007398"]
[EventDate "2017.11.17"]

1. d4 f5 2. g3 Nf6 3. Bg2 g6 4. Nf3 Bg7 5. O-O O-O 6. c4 d6 7. Nc3 Qe8 8. d5 Na6
9. Rb1 c6 10. Nd4 Bd7 11. b4 Rc8 12. Ne6 Bxe6 13. dxe6 Nc7 14. Re1 Nxe6 15. e4
Ng4 16. exf5 Nxf2 17. Qe2 Bxc3 18. Qxe6+ Qf7 19. Kxf2 Bxe1+ 20. Kxe1 gxf5 21.
Qxf7+ Kxf7 22. b5 Rc7 23. Be3 Ra8 24. Kd2 e5 25. Rf1 Ke6 26. Bh3 Rf7 27. Kd3 d5
28. Bc5 a6 29. bxc6 bxc6 30. g4 Rb8 31. gxf5+ Kf6 32. Rf2 Rfb7 33. Ba3 Rb3+ 34.
axb3 Rxb3+ 35. Ke2 Rxa3 36. Bg2 Ra2+ 37. Ke1 Rxf2 38. Kxf2 1/2-1/2

[Event "UT Dallas Fall Open 2017"]
[Site "Dallas USA"]
[Date "2017.11.21"]
[Round "8.1"]
[White "Li, Ruifeng"]
[Black "Xiong, Jeffery"]
[Result "0-1"]
[WhiteTitle "GM"]
[BlackTitle "GM"]
[WhiteElo "2570"]
[BlackElo "2629"]
[WhiteFideId "2061074"]
[BlackFideId "2047640"]
[EventDate "2017.11.17"]

1. e4 c5 2. Nc3 d6 3. Nge2 Nf6 4. g3 g6 5. Bg2 Bg7 6. d3 Nc6 7. h3 Rb8 8. f4 Nd7
9. O-O O-O 10. a4 a6 11. Nd5 e6 12. Ne3 b5 13. axb5 axb5 14. c3 Bb7 15. f5 Nce5
16. Nf4 exf5 17. exf5 Bxg2 18. Kxg2 Ra8 19. Rb1 Nb6 20. Nfd5 Re8 21. d4 cxd4 22.
Qxd4 Nec4 23. f6 Nxe3+ 24. Bxe3 Nxd5 25. Qxd5 Rxe3 26. fxg7 Re2+ 27. Kh1 Ra7 28.
Ra1 Qd7 29. g4 Qb7 30. Qxb7 Rxb7 31. Rad1 Rxb2 32. Rxd6 Re7 33. Rd3 Ree2 34. Ra1
Kxg7 35. Rf3 Kh6 36. Rxf7 Rh2+ 37. Kg1 Rxh3 0-1

[Event "UT Dallas Fall Open 2017"]
[Site "Dallas USA"]
[Date "2017.11.21"]
[Round "8.2"]
[White "Macieja, Bartlomiej"]
[Black "Nakar, Eylon"]
[Result "1-0"]
[WhiteTitle "GM"]
[BlackTitle "IM"]
[WhiteElo "2533"]
[BlackElo "2451"]
[WhiteFideId "1104306"]
[BlackFideId "2811111"]
[EventDate "2017.11.17"]

1. Nf3 d5 2. d4 Nf6 3. c4 e6 4. Nc3 Be7 5. Bf4 O-O 6. e3 Nbd7 7. cxd5 Nxd5 8.
Bg3 c5 9. Bd3 cxd4 10. exd4 N7f6 11. Ne5 Nb4 12. Bb1 Nc6 13. Nf3 b6 14. O-O Bb7
15. a3 Rc8 16. Qd3 Na5 17. Be5 g6 18. Ba2 Ng4 19. Bg3 Bd6 20. Rfd1 Bxg3 21. hxg3
Nf6 22. b4 Nc6 23. d5 exd5 24. Nxd5 Nxd5 25. Bxd5 Qf6 26. Rac1 Kg7 27. Qe4 Rfe8
28. Qf4 Re7 29. Ng5 Qxf4 30. gxf4 Nd4 31. Rxc8 Ne2+ 32. Kh2 Bxc8 33. Re1 Ba6 34.
Nxf7 Rd7 35. Bb3 Nxf4 36. Ne5 Rd2 37. Nf3 Rd7 38. Re4 Nd3 39. Kg3 h6 40. Re6 g5
41. Ba4 Rf7 42. Be8 Rc7 43. Rg6+ Kh7 44. Rd6 Nf4 45. b5 Bc8 46. Rc6 Nd5 47. Nd4
Kg7 48. Rg6+ Kh7 49. Rd6 Ne7 50. Bc6 Nf5+ 51. Nxf5 Bxf5 52. f4 Re7 53. Kf3 gxf4
54. Kxf4 Bg6 55. Rd7 Rxd7 56. Bxd7 Bd3 57. Bf5+ Bxf5 58. Kxf5 Kg7 59. a4 Kf7 60.
Ke5 Ke7 61. g3 Kf7 62. Kd6 Kf6 63. Kc6 Kg5 64. Kb7 Kg4 65. Kxa7 Kxg3 66. Kxb6 1-0